000 00581nam a22001817a 4500
005 20170823124336.0
010 _aENG-120008
020 _c235.00
_a9789380831209
035 _aEN-103540
037 _bDBAD/PUB
082 _a540
100 _aSuguna, M.
245 _aA text book of university chemistry -II /
_c by M. Suguna
260 _aHyderabad
_bStudentshelpline Publishing House
_c2012
270 _a# 326/C, Surneni Nilayam, Near B K Guda Park, S.R. Nagar,
_bHyderabad
_e500038
300 _avarious pagings
_c24cm(pbk)
942 _2ddc
_cEN
_h540
_mSUG
999 _c143712
_d143712